都バスの系統名 - Statistics

General Stats
  • This quiz has been taken 6 times
  • The average score is 74 of 162
Answer Stats
システム名 起点 主な経由地 終点 所管 % Correct
市01 新橋駅前 勝どき駅前 豊洲市場市場前駅前 品川
67%
海01 門前仲町 豊洲駅前 台場駅前 東京テレポート駅前 有明
67%
梅01 青梅駅前 玉堂美術館《循環》 土曜・休日のみ 青梅駅前 青梅
67%
FL01 葛西駅前 船堀駅     東大島駅入口
土曜・休日のみ
錦糸町駅前 江戸川
67%
江東01 潮見駅前 木場二丁目   辰巳駅前    
豊洲駅前《循環》 江東区コミュニティバス「しおかぜ」
潮見駅前 深川
67%
都01 渋谷駅前 六本木駅前 溜池 新橋駅前      赤坂アークヒルズ 渋谷
67%
波01 東京テレポート駅前 テレコムセンター駅前 中央防波堤 有明
67%
学02 高田馬場駅前 高田馬場二丁目 早大正門 小滝橋
67%
都02 大塚駅前 春日駅前 御徒町駅前 錦糸町駅前 巣鴨
67%
都02乙 池袋駅東口 春日駅前 一ツ橋行は平日・土曜の朝のみ 東京ドームシティ 一ツ橋 小滝橋
67%
都03 晴海五丁目ターミナル 東京駅丸の内北口 銀座四丁目 東京駅発着は平日のみ 四谷駅 港南
67%
都04 豊海水産埠頭 銀座四丁目 東京駅丸の内南口 有明
67%
学05 目白駅前 (直通)日本女子大《循環》 休校日運休 目白駅前 練馬
67%
急行05 錦糸町駅前 新木場駅前 土曜・休日のみ 日本科学未来館 江東
67%
都05-1 晴海埠頭 銀座四丁目 有楽町駅前 東京駅丸の内南口 深川
67%
都05-2 東京ビッグサイト 有明ガーデン 新豊洲駅    銀座四丁目 東京駅丸の内南口 深川
67%
学06 恵比寿駅前 広尾高校前 日赤医療センター前 渋谷
67%
急行06 森下駅前 門前仲町    
豊洲駅前 土曜・休日のみ
日本科学未来館 港南
67%
都06 渋谷駅前 天現寺橋    赤羽橋駅前 新橋駅前 渋谷
67%
都07 錦糸町駅前 亀戸駅通り   境川 門前仲町 江東
67%
都08 日暮里駅前 千束 押上 錦糸町駅前 南千住
67%
業10 新橋 銀座四丁目   豊洲駅 菊川駅
新橋バス停は、20時以降のりばが移動します
とうきょうスカイツリー駅前 深川
67%
錦11 亀戸駅前錦糸町駅前 新大橋 茅場町 築地駅前 臨海
67%
錦13 錦糸町駅前 東陽三丁目 深川車庫前 晴海埠頭 深川
67%
東15 深川車庫前 豊洲駅前 晴海トリトンスクエア前 東京駅八重洲口 深川
67%
東16 東京駅八重洲口 月島駅前 豊洲駅前 東京ビッグサイト 深川車庫前 深川
67%
王40甲 西新井駅前 王子駅前 池袋駅東口
67%
王45 王子駅前 新田橋 北千住駅前
67%
黒77 目黒駅前 西麻布 千駄ヶ谷駅前 品川
67%
田87 渋谷駅前 恵比寿駅前 田町駅前 渋谷
67%
渋88 渋谷駅前 神谷町駅前 新橋駅前 新宿
67%
品93 大井競馬場前 品川駅高輪口 目黒駅前 品川
67%
反94 五反田駅 高輪台駅前 赤羽橋駅前 港南
67%
品96 品川駅港南口 天王洲アイル りんかい線天王洲アイル駅前 品川
67%
反96 五反田駅 麻布十番駅前 六本木ヒルズ 品川
67%
RH01 渋谷駅前 西麻布 六本木ヒルズ 渋谷
50%
上01 東大構内 上野公園山下《循環》 東大構内 巣鴨
50%
CH01 新宿駅西口 都庁第一本庁舎《循環》 平日のみ 新宿駅西口 小滝橋
50%
豊洲01 豊洲駅前 豊洲一丁目   
キャナルコート《循環》 平日朝・夕のみ
豊洲駅前 深川
50%
深夜02 池袋駅東口 王子駅前 平日の深夜のみ 豊島五丁目団地
50%
学03 渋谷駅前 国学院大学前 日赤医療センター前 渋谷
50%
深夜03 西葛西駅前 なぎさニュータウン 平日の深夜のみ コーシャハイム南葛西 江戸川
50%
深夜07 品川駅港南口 八潮パークタウン《循環》 平日の深夜のみ 品川駅港南口 品川
50%
茶07 東大構内 御茶ノ水駅前《循環》 東大構内 巣鴨
50%
業10出入 新橋 とうきょうスカイツリー駅前 豊洲駅前 深川車庫前 深川
50%
深夜11 王子駅前 ハートアイランド 平日の深夜のみ 新田駅前
50%
陽12-1 東陽町駅前 枝川二丁目 昭和大学江東豊洲病院前 深川
50%
陽12-2 東陽町駅前 豊洲駅前 豊洲市場     市場前駅前 深川
50%
陽12-3 東陽町駅前 豊洲駅前 土曜・休日のみ 東京テレポート駅前 深川
50%
陽20 東陽町駅前 江東高齢者医療センター 東大島駅前 江東
50%
里22 日暮里駅前 三河島駅前 白鬚橋東 亀戸駅前 南千住
50%
錦22 臨海車庫 東陽町駅前 錦糸町駅前 臨海
50%
上23 平井駅前 仲居堀 十間橋 上野松坂屋前 青戸
50%
亀23 亀戸駅前 江東高齢者医療センター《循環》 亀戸駅前 江戸川
50%
平23 葛西駅前 三角 京葉交差点 平井駅前 臨海
50%
亀24 葛西橋 西大島駅前 亀戸駅前 江戸川
50%
草24 東大島駅前 亀戸駅前 横川橋 浅草寿町 臨海
50%
錦25 葛西駅前 船堀駅前 亀戸駅通り 錦糸町駅前 江戸川
50%
秋26 葛西駅前 境川 浜町中の橋 秋葉原駅前 臨海
50%
上26 亀戸駅前 東京スカイツリー駅前 根津駅前 上野公園 青戸
50%
亀26 今井 一之江駅前 東小松川一丁目 亀戸駅前 臨海
50%
錦27 小岩駅前 錦糸町駅前 両国駅前 江戸川
50%
錦28 東大島駅前 北砂五丁目団地 西大島駅前 錦糸町駅前 江戸川
50%
船28 船堀駅前 西一之江四丁目 篠崎駅前 臨海
50%
両28 臨海車庫(本数少)
第六葛西小学校(朝5時台1本)
葛西橋
西大島駅前 錦糸町駅前 両国駅前 亀戸駅前 臨海
50%
草39 金町駅前 浅草雷門 浅草寿町 上野松坂屋前 青戸
50%
王40出入 北車庫前 北区神谷町 王子駅前
50%
王40丙 王子駅前 江南中学校前《循環》 王子駅前
50%
東43 江北駅前 荒川土手操車所前 小台 駒込病院前 東京駅丸の内北口
50%
端44 北千住駅前 田端駅前 駒込病院前 千住
50%
上46 南千住駅東口 南千住車庫前 浅草寿町 上野松坂屋前 南千住
50%
北47 足立清掃工場前 竹の塚駅前 北千住駅前 千住
50%
里48 日暮里駅前 江北駅前 江北六丁目団地 見沼代親水公園駅前 巣鴨 千住
50%
里48-2 日暮里駅前 東京女子医大足立医療センター  加賀団地《循環》 日暮里駅前 巣鴨千住
50%
王49 王子駅前 西新井大師前 千住車庫前 足立区役所 千住
50%
王55 池袋駅東口 王子駅前    ハートアイランド東 新田一丁目
50%
王57 王子駅前 赤羽駅東口 豊島五丁目団地
50%
上58 早稲田 上富士前 上野松坂屋前 早稲田
50%
上60 池袋駅東口 大塚駅前 上野公園 巣鴨
50%
白61 練馬駅 練馬車庫前 目白駅前    
ホテル椿山荘東京 目白駅前バス停の新宿駅西口行のりばは、2箇所あります。
新宿駅西口 練馬
50%
草63 池袋駅東口 巣鴨駅前 浅草寿町 巣鴨
50%
橋63 小滝橋車庫前 市ヶ谷駅前 新橋駅前 小滝橋
50%
草64 池袋駅東口 王子駅前 浅草雷門南 巣鴨
50%
池65 練馬車庫前 江古田二丁目 池袋駅東口 練馬
50%
渋66 阿佐ヶ谷駅前 代田橋 京王バスと共同運行 渋谷駅前 杉並
50%
練68 練馬駅 練馬総合病院入口 平日のみ 目白駅前 練馬
50%
上69 小滝橋車庫前 上野公園《循環》 小滝橋車庫前 小滝橋
50%
梅70 青梅車庫 箱根ヶ崎駅前  東大和市駅前 花小金井駅北口 青梅
50%
高71 高田馬場駅前 東京女子医大前 九段下 杉並新宿
50%
宿74 新宿駅西口 国立国際医療研究センター前 東京女子医大前 新宿
50%
宿74出入 新宿車庫前 中央公園 新宿駅西口 新宿
50%
宿75 新宿駅西口 東京女子医大前 三宅坂 新宿
50%
宿75出入 新宿車庫前 新宿郵便局前 新宿駅西口 新宿
50%
早77 早稲田 高田馬場二丁目 新宿駅西口 早稲田
50%
王78 新宿駅西口 大和町 王子駅前 杉並
50%
早81 早大正門 渋谷駅東口    《循環》 早大正門 新宿
50%
池86 池袋サンシャインシティ 渋谷駅東口   《循環》 池袋サンシャインシティ 早稲田
50%
橋86 目黒駅前 愛育クリニック前 東京タワー 新橋駅前 港南
50%
渋88出入 新宿車庫前 表参道 渋谷駅東口 新宿
50%
品91 品川駅港南口 八潮パークタウン《循環》 品川駅港南口 品川
50%
宿91 新宿駅西口 東高円寺駅前 新代田駅前 杉並
50%
井92 大井町駅東口 八潮パークタウン《循環》 大井町駅東口 品川
50%
品97 品川車庫前 品川駅高輪口 天現寺橋 新宿駅西口 杉並港南
50%
井98 大井町駅東口 東京税関大井出張所前 平日・土曜のみ 大井水産物埠頭前 港南
50%
品98 品川駅港南口 5号バース前 大井埠頭バンプール前 大田市場 品川
50%
品99 品川駅港南口 品川埠頭《循環》 品川駅港南口 品川
50%
田99 品川駅港南口 芝浦埠頭 田町駅東口 港南
50%
直行03 錦糸町駅前 新木場駅前 土曜・休日のみ 日本科学未来館 江東
33%
木11乙 東陽町駅前 新砂二丁目   新東京郵便局 潮見駅前 臨海
33%
木11甲 木場駅前東陽町駅前 新木場駅前 東陽町駅前《循環》 若洲キャンプ場前 深川
33%
深夜12 船堀駅前 京葉交差点 新小岩駅前 江戸川
33%
深夜13 有明一丁目 銀座四丁目 東京駅丸の内南口 深川
33%
錦13出入 豊洲駅前 東雲都橋 深川車庫前 深川
33%
錦18 錦糸町駅前 境川平日のみ 新木場駅前(構内) 国際展示場駅前 江東
33%
門19 東京ビッグサイト 深川車庫前 豊洲駅前 門前仲町 深川
33%
新小20 東新小岩四丁目 新小岩駅北口
鹿本中学校前 京成タウンバスと共同運行
一之江駅前 臨海
33%
葛西21 葛西駅前 東葛西九丁目 コーシャハイム南葛西 葛西臨海公園駅前 江戸川
33%
亀21 東陽町駅前 旧葛西橋 大島駅 亀戸駅前 江東
33%
新小21 西葛西駅前 小島 船堀駅前 新小岩駅前 江戸川
33%
門21 東大島駅前 東陽町駅前 木場駅前 門前仲町 臨海
33%
葛西22 葛西駅前 今井 一之江駅前 臨海
33%
新小22 葛西駅前 一之江駅前 東小松川一丁目 新小岩駅前 江戸川
33%
錦25出入 葛西駅前 長島町交差点 江戸川車庫 江戸川
33%
西葛26 船堀駅前 西葛西駅前 東京臨海病院前 葛西臨海公園駅前 臨海
33%
西葛27 西葛西駅前 清新町一丁目 紅葉川高校前 中左近橋 臨海町二丁目団地前 江戸川
33%
平28 西大島駅前 平井駅前《循環》 西大島駅前 青戸臨海
33%
亀29 なぎさニュータウン 西葛西駅前 境川 亀戸駅前 江戸川
33%
新小29 葛西駅前 東京臨海病院前 一之江駅前 東新小岩四丁目 臨海
33%
錦37 青戸車庫前 中居堀 錦糸町駅前 青戸
33%
草41 足立梅田町 町屋駅前 浅草寿町 千住
33%
東42-1 南千住駅西口 南千住車庫前 浅草橋 東京駅八重洲口 南千住
33%
東42-2 南千住駅西口 南千住車庫前 浅草橋 東神田 南千住
33%
東42-3 南千住車庫前 リバーサイドスポーツセンター前 浅草雷門 南千住
33%
草43 足立区役所 千住車庫前 三ノ輪駅前 浅草雷門 千住
33%
茶51 駒込駅南口 本郷三丁目駅前 秋葉原駅前 巣鴨
33%
飯62 小滝橋車庫前 大久保通り 都営飯田橋駅前 小滝橋
33%
飯64 小滝橋車庫前 九段下《循環》 小滝橋車庫前 小滝橋
33%
梅76甲 裏宿町 青梅駅前    北小曽木 上成木 青梅
33%
梅76丙 青梅駅前 万年橋 吉野 青梅
33%
梅77乙 青梅駅前 駒木町《循環》 青梅駅前 青梅
33%
梅77甲 裏宿町 霞橋 河辺駅北口 青梅
33%
池86出入 池袋駅東口    渋谷駅東口《循環》 高田馬場二丁目 早稲田 早稲田
33%
田92 品川駅港南口 高浜橋 平日・土曜のみ 田町駅東口 港南
33%
井96 大井町駅東口 天王洲アイル  《循環》 大井町駅東口 港南
33%
葛西24 船堀駅前 宇喜田小学校 葛西駅前 なぎさニュータウン 臨海
17%
錦27-2 小岩駅前 京葉交差点 船堀駅前 江戸川
17%
錦27-3 東大島駅前 浅間神社 錦糸町駅前 江戸川
17%
臨海28-1 一之江橋西詰 一之江駅 葛西駅前 葛西臨海公園駅前 江戸川
17%
臨海28-2 臨海車庫 堀江団地 葛西駅前 一之江駅前 臨海
17%
臨海28-3 臨海車庫 中左近橋 平日のみ 葛西駅 臨海
17%
門33 亀戸駅前 清澄白河駅前 豊洲水産埠頭 江東
17%
錦40 南千住駅東口 とうきょうスカイツリー駅前 錦糸町駅前 南千住
17%
梅74乙 裏宿町 黒沢・岩蔵 河辺駅北口 青梅
17%
梅74甲 裏宿町 黒沢・岩蔵 裏宿町 青梅
17%
浜95 品川駅港南口 田町駅東口前 東京タワー 港南
17%
都05-1出入 深川車庫前 晴海三丁目 晴海埠頭 東京駅丸の内南口 深川
0%
西葛20乙 西葛西駅前 中央卸売市場葛西市場前 葛西臨海公園駅前 江戸川
0%
西葛20甲 西葛西駅前 新田住宅 堀江団地 なぎさニュータウン 江戸川
0%
上23出入 青戸車庫前 四ツ木橋 東墨田会館前 青戸
0%
北41 王子駅前 王子五丁目 新田一丁目
0%
梅77丁 青梅駅前 東青梅駅 河辺駅南口 青梅
0%
梅77丙 東青梅駅前 長渕七丁目 青梅駅前 青梅
0%
No matching quizzes found
Score Distribution
Percent of People with Each Score
Percentile by Number Answered
Your Score History
You have not taken this quiz